ბათუმის შოთა რუსთაველის სახელმწიფო უნივერსიტეტის ბიბლიოთეკა

Краткий справочник нумизмата : (ბიბ.ჩანაწერი № 61190)

000 -LEADER
fixed length control field 00757nam a22001817a 4500
005 - DATE AND TIME OF LATEST TRANSACTION
control field 20231229120407.0
008 - FIXED-LENGTH DATA ELEMENTS--GENERAL INFORMATION
fixed length control field 231229s1997 ru ||||| |||| 00| 0 rus d
020 ## - INTERNATIONAL STANDARD BOOK NUMBER
International Standard Book Number 5860301073
041 ## - LANGUAGE CODE
Language code of text/sound track or separate title rus
080 ## - UNIVERSAL DECIMAL CLASSIFICATION NUMBER
Universal Decimal Classification number 737(031) K-78
245 ## - TITLE STATEMENT
Title Краткий справочник нумизмата :
Remainder of title Mонеты 190 зарубежных стран /
Statement of responsibility, etc. Составитель: Зонов В.
264 ## - PRODUCTION, PUBLICATION, DISTRIBUTION, MANUFACTURE, AND COPYRIGHT NOTICE
Place of production, publication, distribution, manufacture Москва:
Name of producer, publisher, distributor, manufacturer Авиамир,
Date of production, publication, distribution, manufacture, or copyright notice 1997.
300 ## - PHYSICAL DESCRIPTION
Extent 264 с.:
Other physical details ил.;
Dimensions 21 см.
653 ## - INDEX TERM--UNCONTROLLED
keyword ნუმიზმატის სწრაფი გზამკვლევი
653 ## - INDEX TERM--UNCONTROLLED
keyword უცხო ქვეყნის მონეტები
700 ## - ADDED ENTRY--PERSONAL NAME
Personal name Зонов, В.
Relator term შემდგენელი
9 (RLIN) 20929
942 ## - ADDED ENTRY ELEMENTS (KOHA)
Source of classification or shelving scheme
Koha item type წიგნი
ეგზემპლარები
Withdrawn status Lost status Source of classification or shelving scheme Damaged status Not for loan Permanent Location Current Location Shelving location Date acquired Cost, normal purchase price Full call number Barcode Date last seen Copy number Uniform Resource Identifier Price effective from Koha item type Public note
          ბათუმის შოთა რუსთაველის სახელმწიფო უნივერსიტეტის მთავარი ბიბლიოთეკა ბათუმის შოთა რუსთაველის სახელმწიფო უნივერსიტეტის მთავარი ბიბლიოთეკა წიგნსაცავი 2023-12-29 8.00 737(031) K-78 65676 2023-12-29 65676 ბსუ-ს საპატიო დოქტორის გურამ ლორთქიფანიძის საჩუქარი 2023-12-29 წიგნი 8 ლ.